| 000 | 00000nas 2200000za 4500 |
| 001 | 9.507866 |
| 003 | CaOODSP |
| 005 | 20210420084522 |
| 007 | cr ||||||||||| |
| 008 | 150406c2005||||xxc|| p o||||f| |0eng|d |
| 040 | |aCaOODSP|beng |
| 043 | |an-cn--- |
| 086 | 1 |aH161-2E-PDF |
| 110 | 1 |aCanada. |bHealth Products and Food Branch. |
| 245 | 10|aHealth Products and Food Branch ... business plan |h[electronic resource] |
| 260 | |aOttawa : |bHealth Canada. |
| 310 | |aIrregular |
| 362 | 1 |a2005-06--2007-08 |
| 500 | |aSubtitle varies. |
| 775 | 08|tPlan d'activités de la Direction générale des produits de santé et des aliments ... |w(CaOODSP)9.504244 |